Kaishi 1.5k Readings Ⅰ (1-100) - Statistics

General Stats
  • This quiz has been taken 26 times
  • The average score is 76 of 100
Answer Stats
Term Reading Sentence Term Meaning Sentence Meaning % Correct
ある ある ペンがある。 have, exist (inanimate) There is a pen.
100%
その その その本ですか。 that one Is it that book?
100%
好き すき 私はワインが好きです。 like, fond of I like wine.
90%
じん 私はイギリス人です。 person from (nationality) I am British.
90%
日本語 にほんご 私は日本語を勉強しています。 Japanese language I'm studying Japanese.
90%
ほん いい本でしたね。 book It was a good book, wasn't it?
90%
それ それ それは本です。 that That is a book.
90%
あれ あれ あれは何ですか。 that over there What's that?
90%
いま 彼は今、勉強しています。 now He's studying now.
90%
時間 じかん 今は時間がありません。 time, hour I don't have time now.
90%
見る みる 兄は毎日テレビを見ます。 see, look at My older brother watches TV every day.
90%
なる なる 日本語の勉強が好きになりました。 become, result in, come (to do) I have come to like Japanese study.
90%
ください ください コーヒーをください。 please give..., please do... Please give me a coffee.
90%
ここ ここ ここに本があります。 here There's a book here.
90%
どこ どこ あの本をどこに置きましたか。 where Where did you put that book?
90%
いえ ここが私の家です。 house, home This is my house.
90%
帰る かえる 家に帰ろう。 return, go back Let's go home.
90%
いいえ いいえ A「山田さんですか。」 B「いいえ。」 no (polite) A: Are you Yamada-san? B: No, I'm not.
90%
日本 にほん 日本のゲームは面白いです。 Japan Japanese games are fun.
90%
どう どう あなたはどう思いますか。 how, what What do you think?
90%
もう もう もうちょっと食べたい。 another, again I want to eat a little more.
90%
わたし 私はアンです。 I (polite, general) I am Ann.
80%
あなた あなた あなたはトムさんですか。 you (usually when one doesn't know the person) Are you Tom-san?
80%
ひと あの人はいい人です。 person That person is a good person.
80%
いい いい あの人はいい人です。 good That person is a good person.
80%
これ これ これは日本語の本です。 this This is a Japanese book.
80%
なに A「これは何ですか。」 B「本です。」 what A: What is this? B: It's a book.
80%
どれ どれ どれが好きですか。 which, what Which would you like?
80%
毎日 まいにち 毎日、日本語を勉強します。 every day I study Japanese every day.
80%
あまり あまり スポーツはあまり好きじゃありません。 (not) very, (not) much I don't really like sports.
80%
この この 山田さんの本はどれですか。この本ですか。 this one Which book is Yamada-san's? Is it this book?
80%
あの あの あの本ですか。 that one there That book (over there)?
80%
面白い おもしろい この本は全然面白くなかった。 interesting, amusing This book wasn't interesting at all.
80%
先生 せんせい 私は日本語の先生になりたいです。 teacher I want to become a Japanese teacher.
80%
名前 なまえ あなたの名前を教えてください。 name Please tell me your name.
80%
そこ そこ そこはトイレです。 there There is the bathroom.
80%
置く おく あの本をどこに置きましたか。 put, place Where did you put that book?
80%
はなし あなたの話は面白いね。 talk, story Your story is interesting.
80%
ちゃん ちゃん 彼女はララちゃんです。 chan She is Lara-chan.
80%
明日 あした 明日、学校へ行きます。 tomorrow Tomorrow, I will go to school.
80%
いつ いつ 彼女はいつ来ますか。 when When is she coming?
80%
こう こう こうしましょう。 like this, this kind of Let’s do this (“this way”).
80%
分かる わかる 日本語のニュースが全然分かりませんでした。 understand I didn't understand the Japanese news at all.
80%
話す はなす 先生と日本語で話します。 talk, speak I speak Japanese with the teacher.
80%
ゆっくり ゆっくり もっとゆっくり話してください。 slowly Please speak more slowly.
80%
待つ まつ 1時間友達を待ちました。 wait I waited for my friend for an hour.
80%
もう もう 彼はもう帰りました。 already, yet He's already gone home.
80%
ちち 私は父が大好きです。 (speaker's) father I love my father.
80%
大好き だいすき 私は父が大好きです。 love I love my father.
80%
はは 昨日、母と話をしました。 (speaker's) mother I talked to my mother yesterday.
80%
あげる あげる 友達にプレゼントをあげます。 give (receiver is not in the speaker's group) I will give a present to my friend.
80%
きみ この本を君にあげます。 you (to someone of equal or lower status) I'm going to give you this book.
80%
さん さん あなたはトムさんですか。 san Are you Tom-san?
70%
かれ 彼はトムさんです。 he, him He is Tom-san.
70%
勉強 べんきょう 私は日本語を勉強しています。 study I'm studying Japanese.
70%
あに これは兄のパソコンです。 older brother This is my older brother's personal computer.
70%
いる いる 兄がいます。 have, exist (animate) I have an older brother.
70%
無い ない 今はあまり時間が無いのです。 to not be I don't have much time now.
70%
どの どの どの本ですか。 which one Which book is it?
70%
教える おしえる あなたの名前を教えてください。 teach, tell Please tell me your name.
70%
あそこ あそこ 彼はあそこにいます。 over there He is over there.
70%
彼女 かのじょ 彼女の名前を知っていますか。 she, her, girlfriend Do you know her name?
70%
はい はい A「山田さんですか。」 B「はい。」 yes (polite) A: Are you Yamada-san? B: Yes, I am.
70%
学校 がっこう 学校は日本にあります。 school The school is in Japan.
70%
行く いく 学校へ行きます。 go I will go to school.
70%
また また 明日、また来ます。 again, also I'll come again tomorrow.
70%
そう そう 私もそう思います。 in such manner, that way That's what I think too.
70%
会う あう 明日、彼と会います。 meet I will meet him tomorrow.
70%
つぎ 次はいつ会いましょうか。 next, subsequent When next shall we meet?
70%
聞く きく トムに聞いて。 ask Ask Tom.
70%
お願いします おねがいします A「これでお願いします。」 B「はい。」 please A: This one, please. B: Okay.
70%
よく よく よく分かりました。 well I understood well.
70%
よく よく ジャズのCDをよく聞きます。 often I listen to Jazz CDs often.
70%
考える かんがえる よく考えてください。 think, consider Please think carefully.
70%
ありがとうございます ありがとうございます そうですか。分かりました。ありがとうございます。 thank you (formal) Is that so? I understand. Thank you.
70%
もっと もっと もっと勉強しなければいけないと思った。 more, a bit more I thought that I would have to study more.
70%
友達 ともだち 友達とレストランに行きました。 friend, companion I went to the restaurant with my friend.
70%
昨日 きのう 昨日、友達に会った。 yesterday I met a friend yesterday.
70%
まち あの町に行きました。 town, city I went to that town over there.
70%
高い たかい このカメラは高いですね。 expensive This camera is expensive.
70%
高い たかい これがこの町で一番高いビルです。 high, tall This is the tallest building in town.
70%
ちょっと ちょっと これはちょっと高いですね。 a little A: This is a little expensive.
70%
くれる くれる 父が本をくれました。 give (receiver is in the speaker's group) My father gave me a book.
70%
もらう もらう 彼女からプレゼントをもらいました。 receive I got a present from her.
70%
出来る できる あなたはスキーが出来ますか? can do, be good at Can you ski?
70%
まえ ララちゃんは家の前に立っています。 front, before Lara-chan is standing in front of the house.
70%
全然 ぜんぜん テレビを全然見ません。 (not) at all I never watch televison.
60%
する する 彼はテニスをします。 do, make He plays tennis (lit: "He does tennis").
60%
知る しる あの人を知っていますか。 know Do you know that person?
60%
ほう 彼は私の方を見ました。 direction, side He looked in my direction.
60%
かた 次の方、どうぞ。 person (polite form) The next person, please.
60%
聞く きく 彼女はラジオを聞いています。 hear She's listening to the radio.
60%
一番 いちばん これがこの町で一番高いビルです。 (the) most This is the tallest building in this town.
60%
もの 色々な物をもらいました。 thing, object I received many things.
60%
なか 父は家の中にいます。 inside, middle My father is inside the house.
60%
立つ たつ 彼はステージに立った。 stand, rise He stood on stage.
60%
来る くる 明日、来ますか。 come Will you come tomorrow?
50%
思う おもう これがいいと思います。 think I think this is good.
50%
言う いう ゆっくり言ってください。 say Please say it slowly.
50%
本当 ほんとう その話は本当ですか。 truth, reality Is this story true?
50%
No matching quizzes found
Score Distribution
Percent of People with Each Score
Percentile by Number Answered
Your Score History
You have not taken this quiz